Československá ekonomika a RVHP /

Hlavní autor: Kvěš, Václav, 1923-
Korporativní autor: Revoluční odborové hnutí. Ústřední rada odborů. Oddělení propagandy a výchovy
Jazyk: Čeština
Vydáno: Praha : Práce, 1972
Vydání: 1. vyd.
Fyzický popis: 131 s. ; 8°
Knihy
Uloženo v:
LEADER 00977nam a22002772a 4500
001 001290042
003 CZ BrMZK
005 20130429134054.0
007 ta
008 130428s1972 xr er|||||||||||cze d
015 |a cnb000436252 
035 |a (OCoLC)4520552 
040 |a ABA001  |b cze  |c PNA001  |d ABA001  |d BOA001 
080 9 |a 33(437)+338.984.4(430.2+438/439+47+497.2+498) 
100 1 |a Kvěš, Václav,  |d 1923-  |7 jx20050616017  |4 aut 
245 1 0 |a Československá ekonomika a RVHP /  |c Václav Kvěš 
250 |a 1. vyd. 
260 |a Praha :  |b Práce,  |c 1972 
300 |a 131 s. ;  |c 8° 
500 |a 16000 výt. 
550 |a Vydavatel: Oddělení propagandy a výchovy ÚRO ROH 
710 2 |a Revoluční odborové hnutí.  |b Ústřední rada odborů.  |b Oddělení propagandy a výchovy  |7 kn20050526004 
910 |a BOA001  |b 2-0682.717 
990 |a BK 
991 |b 201304 
996 7 |b 2619683118  |c 2-0682.717  |l Sklad H1  |r Sklad / do 24 hodin  |n 0  |h HS212  |w 001324678  |u 000010  |a 1  |e BOA001  |j MZK50  |s A